000 00584nam a2200229Ia 4500
003 OSt
005 20221005122611.0
006 a|||||r|||| 00| 0
007 ta
008 221004b |||||||| |||| 00| 0 tam d
024 _a48686
037 _cTextual
040 _aCRL
_cCRL
_btam
041 _2tam
_atam
082 _aO31,1KNA,1, H4
100 _aNavaneethanatanar Au.
_9632257
245 0 _aKaliththuraipattiyal
260 _c1944
650 _aTAMIL POETRY
942 _hO31,1KNA,1, H4
_cTEXL
_2cc
999 _c1044788
_d1044788